| 000 | 01195nam a2200325 a 4500 | ||
|---|---|---|---|
| 001 | 58090 | ||
| 003 | CO-BoRNBP | ||
| 005 | 20250815201458.0 | ||
| 007 | ta | ||
| 008 | 191206s2018 ck a gr 000 j spa d | ||
| 020 | _a9789585655737 | ||
| 040 |
_aCO-BoBLA _bspa _cCO-BoBLA |
||
| 043 | _as-ck--- | ||
| 082 | 0 | 4 |
_aCo863.08 _bS83a2 _219 |
| 245 | 0 | 4 |
_aLos sueños de la casa : _bmuestra de textos escritos por niños, niñas, jóvenes y adultos beneficiarios de la Casa de la Cultura "Jorge Eliécer Gaitán" de Villavicencio. |
| 250 | _a1a. edición | ||
| 300 |
_a58 páginas ; _c22 x 23 cm + _e1 plegable. |
||
| 336 |
_2rdacontent _atexto _btxt |
||
| 337 |
_2rdamedia _asin mediación _bn |
||
| 338 |
_2rdacarrier _avolumen _bnc |
||
| 650 | 7 |
_aCuentos colombianos _vColecciones. _2BLAAUTO _943225 |
|
| 650 | 7 |
_aCuentos juveniles colombianos _vColecciones. _2BLAAUTO _962424 |
|
| 650 | 7 |
_aCuentos infantiles colombianos _vColecciones. _2BLAAUTO _961728 |
|
| 650 | 7 |
_aAnimales _vCuentos. _2BLAAUTO _9745 |
|
| 650 | 7 |
_aNaturaleza _vCuentos. _2BLAAUTO _961914 |
|
| 650 | 7 |
_aMujeres _vCuentos. _2BLAAUTO _91838 |
|
| 650 | 7 |
_aCuentos de hadas. _2BLAAUTO _95780 |
|
| 942 |
_2ddc _cBK |
||
| 949 |
_an _bc |
||
| 999 |
_c58090 _d58090 |
||